| 000 | 00591nam a2200181 i 4500 | ||
|---|---|---|---|
| 001 | 85592 | ||
| 003 | ES-MaACL | ||
| 005 | 20230906175253.0 | ||
| 007 | t| | ||
| 008 | 041129s1919 sp ||||1| spa d | ||
| 100 | 1 |
_aJusto y Sánchez-Blanco, Manuel de. _967365 |
|
| 245 | 1 | 0 |
_aFísica industrial _b: termotecnia / _cManuel de Justo y Sánchez-Blanco. |
| 250 | _a2ª ed. | ||
| 260 |
_aMadrid : _bSoc. Española de Artes Gráficas, _c1919. |
||
| 300 |
_a212 p. ; _c21 cm. |
||
| 505 | 8 | _aContiene: Primera parte. Generalidades y producción industrial del calor | |
| 852 |
_aES-MaACL _jF-4289 |
||
| 999 |
_c85592 _d85592 |
||